| 000 | 01980nam a2200349Ia 4500 | ||
|---|---|---|---|
| 001 | ebr10038641 | ||
| 003 | CaPaEBR | ||
| 006 | m u | ||
| 007 | cr cn||||||||| | ||
| 008 | 000815s2000 dcua sb 100 0 eng d | ||
| 010 | _z 00700358 | ||
| 020 | _z0309069432 | ||
| 040 |
_aCaPaEBR _cCaPaEBR |
||
| 035 | _a(OCoLC)70752827 | ||
| 050 | 1 | 4 |
_aRG940 _b.N384 2000eb |
| 110 | 2 |
_aNational Research Council (U.S.). _bCommittee on Population. |
|
| 245 | 1 | 4 |
_aThe consequences of maternal morbidity and maternal mortality _h[electronic resource] : _breport of a workshop / _cCommittee on Population ; Holly E. Reed, Marjorie A. Koblinsky, and W. Henry Mosley, editors ; Commission on Behavioral and Social Sciences and Education, National Research Council. |
| 260 |
_aWashington, DC : _bNational Academy Press, _c2000. |
||
| 300 |
_axiii, 29 p. : _bill. |
||
| 500 | _aWorkshop on the Consequences of Pregnancy, Maternal Morbidity, and Mortality for Women, Their Families, and Society, October 19-20, 1998, Committee on Population, National Research Council of the National Academy of Sciences, 2101 Constitution Avenue, NW, NAS Board Room, Washington, DC. | ||
| 504 | _aIncludes bibliographical references (p. 19-22). | ||
| 533 |
_aElectronic reproduction. _bPalo Alto, Calif. : _cebrary, _d2009. _nAvailable via World Wide Web. _nAccess may be limited to ebrary affiliated libraries. |
||
| 650 | 0 |
_aMaternal health services _vCongresses. |
|
| 650 | 0 |
_aMothers _xMortality _vCongresses. |
|
| 655 | 7 |
_aElectronic books. _2local |
|
| 700 | 1 | _aReed, Holly. | |
| 700 | 1 | _aKoblinsky, Marjorie A. | |
| 700 | 1 |
_aMosley, W. Henry _q(Wiley Henry), _d1933- |
|
| 710 | 2 | _aebrary, Inc. | |
| 711 | 2 |
_aWorkshop on the Consequences of Pregnancy, Maternal Morbidity, and Mortality for Women, Their Families, and Society _d(1998 : _cWashington, D.C.) |
|
| 856 | 4 | 0 |
_uhttp://site.ebrary.com/lib/rucke/Doc?id=10038641 _zAn electronic book accessible through the World Wide Web; click to view |
| 999 |
_c57585 _d57585 |
||